Investigation and development of materials resources = (Record no. 547525)

000 -LEADER
fixed length control field 00951cam a2200193 i 4500
020 ## - INTERNATIONAL STANDARD BOOK NUMBER
International Standard Book Number 0309028213
082 00 - DEWEY DECIMAL CLASSIFICATION NUMBER
Classification number 625.735
Author Mark NAT
245 00 - TITLE STATEMENT
Title Investigation and development of materials resources =
Statement of responsibility, etc. Investigación y desarrollo de recursos de materiales = Investigation et développement des gisements de matériaux routiers.
260 ## - PUBLICATION, DISTRIBUTION, ETC.
Place of publication, distribution, etc. Washington :
Name of publisher, distributor, etc. Transportation Research Board, Commission on Sociotechnical Systems, National Research Council, National Academy of Sciences,
Date of publication, distribution, etc. 1979.
300 ## - PHYSICAL DESCRIPTION
Extent xxiv, 220 p. :
Other physical details ill. ;
Dimensions 28 cm.
500 ## - GENERAL NOTE
General note "Prepared under contract AID/OTR-C-1591, project 931-1116, U.S. Agency for International Development."
500 ## - GENERAL NOTE
General note Includes index.
526 ## - STUDY PROGRAM INFORMATION NOTE
Program name 0
Interest level 0
Reading level 0
Title point value 625_735000000000000_NAT
650 #0 - SUBJECT ADDED ENTRY--TOPICAL TERM
Topical term or geographic name entry element MCE
9 (RLIN) 379
650 #0 - SUBJECT ADDED ENTRY--TOPICAL TERM
Topical term or geographic name entry element Road materials
Geographic subdivision Developing countries.
9 (RLIN) 43711
650 #0 - SUBJECT ADDED ENTRY--TOPICAL TERM
Topical term or geographic name entry element Roads
Geographic subdivision Developing countries
General subdivision Surveying.
9 (RLIN) 43712
710 2# - ADDED ENTRY--CORPORATE NAME
Corporate name or jurisdiction name as entry element National Research Council (U.S.).
9 (RLIN) 20017
942 ## - ADDED ENTRY ELEMENTS (KOHA)
Source of classification or shelving scheme
Koha item type Book
Holdings
Withdrawn status Lost status Source of classification or shelving scheme Damaged status Not for loan Permanent Location Current Location Date acquired Total Checkouts Full call number Barcode Date last seen Price effective from Koha item type
          Military College of Engineering (MCE) Military College of Engineering (MCE) 07/21/2014   625.735 NAT MCE-41500 07/21/2014 07/21/2014 Book
© 2023 Central Library, National University of Sciences and Technology. All Rights Reserved.